| 000 | 01237cam a2200349 a 4500 | ||
|---|---|---|---|
| 001 | 13860246 | ||
| 005 | 20141120084520.0 | ||
| 008 | 050203s2004 nyu 000 1 eng d | ||
| 010 | _a 2005271547 | ||
| 020 | _a0743487559 | ||
| 035 | _a(OCoLC)ocm54980623 | ||
| 040 |
_aIG# _cIG# _dOCLCQ _dDLC |
||
| 041 | 1 |
_aeng _hfre |
|
| 042 | _alccopycat | ||
| 043 | _ae-fr--- | ||
| 050 | 0 | 0 |
_aPQ 2226 _b.D886 2004 |
| 100 | 1 |
_aDumas, Alexandre, _d1802-1870. |
|
| 240 | 1 | 0 |
_aComte de Monte-Cristo. _lEnglish |
| 245 | 1 | 4 |
_aThe count of monte cristo / _cAlexandre Dumas ; supplementary material written by Margaret Brantley. |
| 260 |
_aNew York : _bPocket Books, _c[2004] |
||
| 300 |
_axx, 663 pages : _c18 cm. |
||
| 490 | 1 | _aEnriched classic | |
| 651 | 0 |
_aFrance _xHistory _y19th century _vFiction. |
|
| 655 | 7 |
_aHistorical fiction. _2gsafd |
|
| 655 | 7 |
_aAdventure stories. _2gsafd |
|
| 700 | 1 | _aBrantley, Margaret. | |
| 830 | 0 | _aEnriched classics series. | |
| 856 | 4 | 2 |
_3Publisher description _uhttp://www.loc.gov/catdir/enhancements/fy0631/2005271547-d.html |
| 906 |
_a7 _bcbc _ccopycat _d2 _encip _f20 _gy-gencatlg |
||
| 942 |
_2lcc _cBK |
||
| 999 |
_c276837 _d276837 |
||